Botany: for degree students (Record no. 70)
[ view plain ]
| 000 -LEADER | |
|---|---|
| fixed length control field | 00413cam a2200181ua 4500 |
| 003 - CONTROL NUMBER IDENTIFIER | |
| control field | @ |
| 003 - CONTROL NUMBER IDENTIFIER | |
| control field | OSt |
| 008 - FIXED-LENGTH DATA ELEMENTS--GENERAL INFORMATION | |
| fixed length control field | 250110b |||||||| |||| 00| 0 eng d |
| 041 ## - LANGUAGE CODE | |
| Language code of text/sound track or separate title | eng |
| 082 ## - DEWEY DECIMAL CLASSIFICATION NUMBER | |
| Classification number | 581 |
| Item number | DUT/BO |
| 100 ## - MAIN ENTRY--AUTHOR NAME | |
| Personal name | Dutta, A C . |
| 245 ## - TITLE STATEMENT | |
| Title | Botany: for degree students |
| 250 ## - EDITION STATEMENT | |
| Edition statement | 6th |
| 260 ## - PUBLICATION, DISTRIBUTION, ETC. (IMPRINT) | |
| Place of publication | Delhi : |
| Name of publisher | Oxford University Press , |
| Year of publication | 1985. |
| 300 ## - PHYSICAL DESCRIPTION | |
| Number of Pages | 909 ; . |
| 650 ## - SUBJECT ADDED ENTRY--TOPICAL TERM | |
| Topical Term | Botany |
| 942 ## - ADDED ENTRY ELEMENTS (KOHA) | |
| Koha item type | Books |
| Withdrawn status | Lost status | Damaged status | Home library | Current library | Date acquired | Source of acquisition | Cost, normal purchase price | Full call number | Accession Number | Koha item type |
|---|---|---|---|---|---|---|---|---|---|---|
| KAUAET | KAUAET | 19/02/1986 | M/S Minerva Book Stall, Thrissur | 55.00 | 581 DUT/BO | 14906 | Books | |||
| KAUAET | KAUAET | 19/02/1986 | 581 | 14926 | Books | |||||
| KAUAET | KAUAET | 27/11/2023 | 581 DUT/BO | 12163 | Books | |||||
| KAUAET | KAUAET | 10/01/2025 | M/S Minerva Book Stall, Thrissur | 55.00 | 581 DUT/BO | 14905 | Books | |||
| KAUAET | KAUAET | 10/01/2025 | M/S Minerva Book Stall, Thrissur | 55.00 | 581 DUT/BO | 14907 | Books | |||
| KAUAET | KAUAET | 10/01/2025 | M/S Minerva Book Stall, Thrissur | 55.00 | 581 DUT/BO | 14908 | Books | |||
| KAUAET | KAUAET | 10/01/2025 | M/S Minerva Book Stall, Thrissur | 55.00 | 581 DUT/BO | 14909 | Books | |||
| KAUAET | KAUAET | 10/01/2025 | M/S Minerva Book Stall, Thrissur | 55.00 | 581 DUT/BO | 14910 | Books | |||
| KAUAET | KAUAET | 10/01/2025 | M/S Minerva Book Stall, Thrissur | 55.00 | 581 DUT/BO | 14911 | Books | |||
| KAUAET | KAUAET | 10/01/2025 | M/S Minerva Book Stall, Thrissur | 55.00 | 581 DUT/BO | 14912 | Books | |||
| KAUAET | KAUAET | 10/01/2025 | M/S Minerva Book Stall, Thrissur | 55.00 | 581 DUT/BO | 14913 | Books | |||
| KAUAET | KAUAET | 10/01/2025 | M/S Minerva Book Stall, Thrissur | 55.00 | 581 DUT/BO | 14914 | Books | |||
| KAUAET | KAUAET | 10/01/2025 | M/S Minerva Book Stall, Thrissur | 55.00 | 581 DUT/BO | 14915 | Books | |||
| KAUAET | KAUAET | 10/01/2025 | M/S Minerva Book Stall, Thrissur | 55.00 | 581 DUT/BO | 14916 | Books | |||
| KAUAET | KAUAET | 10/01/2025 | M/S Minerva Book Stall, Thrissur | 55.00 | 581 DUT/BO | 14917 | Books | |||
| KAUAET | KAUAET | 10/01/2025 | M/S Minerva Book Stall, Thrissur | 55.00 | 581 DUT/BO | 14918 | Books | |||
| KAUAET | KAUAET | 10/01/2025 | M/S Minerva Book Stall, Thrissur | 55.00 | 581 DUT/BO | 14919 | Books | |||
| KAUAET | KAUAET | 10/01/2025 | M/S Minerva Book Stall, Thrissur | 55.00 | 581 DUT/BO | 14920 | Books | |||
| Withdrawn | KAUAET | KAUAET | 10/01/2025 | M/S Minerva Book Stall, Thrissur | 55.00 | 581 DUT/BO | 14921 | Books | ||
| KAUAET | KAUAET | 10/01/2025 | M/S Minerva Book Stall, Thrissur | 55.00 | 581 DUT/BO | 14922 | Books | |||
| KAUAET | KAUAET | 10/01/2025 | M/S Minerva Book Stall, Thrissur | 55.00 | 581 DUT/BO | 14923 | Books | |||
| KAUAET | KAUAET | 10/01/2025 | M/S Minerva Book Stall, Thrissur | 55.00 | 581 DUT/BO | 14924 | Books | |||
| KAUAET | KAUAET | 10/01/2025 | M/S Minerva Book Stall, Thrissur | 55.00 | 581 DUT/BO | 14925 | Books |
